| 000 | 004360000a22001690004500 | ||
|---|---|---|---|
| 003 | MACL | ||
| 005 | 20160107150803.0 | ||
| 008 | 160107b xxu||||| |||| 00| 0 eng d | ||
| 040 |
_aMACL _cMACL |
||
| 041 | _aEnglish | ||
| 082 | _a910/EKB | ||
| 100 |
_aEkblaw, Sidney E _929270 |
||
| 245 | _aEconomic and Social Geography | ||
| 260 |
_bMcGraw Hill Book Company _c1958 _aLondon |
||
| 650 |
_aGeography _929271 |
||
| 942 |
_cBK _k910/EKB _2ddc |
||
| 999 |
_c35951 _d35951 |
||